000 00503nam a2200181Ia 4500
008 090124s9999 xx 000 0 und d
082 _b101480
100 _aआपटे गो. ल.
245 _a आपट्याची पाने
250 _a1
260 _c1937
300 _a40
600 _aआपटे गो. ल.
630 _a आपट्याची पाने
700 _aआपटे गो. ल.
730 _a आपट्याची पाने
942 _cBOOK
999 _c147572
_d147572